[Event "FICGS W-ch KO final email"]
[Site "FICGS email"]
[Date "2018.11.01"]
[Round "8"]
[White "Bleker, Frits"]
[Black "Kruse, Herbert"]
[Result "1/2-1/2"]
[WhiteElo "2443"]
[BlackElo "2650"]
[PlyCount "97"]
[EventDate "2018.??.??"]
[EventType "match (corr)"]
[EventRounds "3"]
[SourceTitle "Corr 2022"]
[Source "ChessBase"]
[SourceDate "2021.10.24"]
[SourceVersion "1"]
[SourceVersionDate "2021.10.24"]
[SourceQuality "1"]

1. Nf3 Nf6 2. c4 e6 3. g3 d5 4. d4 Bb4+ 5. Bd2 Be7 6. Bg2 0-0 7. 0-0 c6 8. Qc2 Nbd7 9. Bf4 b6 10. Rd1 Bb7 11. Ne5 Nh5 12. Bd2 Nhf6 13. cxd5 cxd5 14. Nc6 Bxc6 15. Qxc6 Qb8 16. Qc2 b5 17. Qd3 a5 18. Nc3 b4 19. Nb5 Rc8 20. a4 bxa3 21. bxa3 Qb7 22. a4 Nb6 23. Qb3 Rc4 24. e3 Bb4 25. Na3 Bxa3 26. Rxa3 Rc6 27. Be1 Qc7 28. Raa1 Nc4 29. Rdb1 Rc8 30. Qd1 Ra8 31. Rb3 g6 32. Rab1 Rc8 33. Bf1 Ne4 34. Bd3 h5 35. h4 Qd6 36. Rb7 Qd8 37. Ra7 Ned6 38. Bxc4 Nxc4 39. Rbb7 Nd6 40. Rd7 Qf6 41. Kg2 Rc1 42. Qf3 Qxf3+ 43. Kxf3 Ne4 44. Rxf7 Rxe1 45. Rg7+ Kh8 46. Rh7+ Kg8 47. Rhg7+ Kh8 48. Rh7+ Kg8 49. Rhg7+ 1/2-1/2

[Event "FICGS W-ch KO final email"]
[Site "FICGS email"]
[Date "2018.11.01"]
[Round "3"]
[White "Kruse, Herbert"]
[Black "Bleker, Frits"]
[Result "1/2-1/2"]
[WhiteElo "2650"]
[BlackElo "2443"]
[PlyCount "123"]
[EventDate "2018.??.??"]
[EventType "match (corr)"]
[EventRounds "3"]
[SourceTitle "Corr 2022"]
[Source "ChessBase"]
[SourceDate "2021.10.24"]
[SourceVersion "1"]
[SourceVersionDate "2021.10.24"]
[SourceQuality "1"]

1. Nf3 c5 2. e4 d6 3. d4 cxd4 4. Nxd4 Nf6 5. Nc3 a6 6. Be3 e5 7. Nb3 Be6 8. f3 Be7 9. Qd2 0-0 10. 0-0-0 Nbd7 11. g4 b5 12. g5 b4 13. Ne2 Ne8 14. f4 a5 15. f5 a4 16. fxe6 axb3 17. cxb3 fxe6 18. Bh3 Rxa2 19. Bxe6+ Kh8 20. Ng3 Nc7 21. Bc4 Qa8 22. Rhf1 Rxf1 23. Rxf1 Ra1+ 24. Kc2 Rxf1 25. Bxf1 d5 26. Qf2 g6 27. h4 Kg7 28. Kb1 Qf8 29. Qg2 d4 30. Bd2 Nb6 31. Ne2 Ne6 32. Nc1 Nf4 33. Qg4 Bd6 34. Bb5 Qe7 35. Nd3 Nxd3 36. Bxd3 Qf7 37. Qd1 Nd7 38. Bc4 Qf2 39. Ka2 Qg2 40. Bd5 Be7 41. Bc6 Nc5 42. Bxb4 Qf2 43. Bxc5 Bxc5 44. Qg4 Qf1 45. Ba4 Qf8 46. Bb5 Qa8+ 47. Kb1 Be7 48. Bc4 h6 49. gxh6+ Kxh6 50. h5 Qc6 51. hxg6 Qxg6 52. Qh3+ Kg7 53. Bd3 Bb4 54. Qd7+ Qf7 55. Qb5 Qe7 56. Qc6 Qd6 57. Qb7+ Qe7 58. Qc8 Qh4 59. Qd7+ Qe7 60. Qc8 Qh4 61. Qd7+ Qe7 62. Qc8 1/2-1/2

[Event "FICGS W-ch KO final email"]
[Site "FICGS email"]
[Date "2018.11.01"]
[Round "5"]
[White "Kruse, Herbert"]
[Black "Bleker, Frits"]
[Result "1-0"]
[WhiteElo "2650"]
[BlackElo "2443"]
[PlyCount "127"]
[EventDate "2018.??.??"]
[EventType "match (corr)"]
[EventRounds "3"]
[SourceTitle "Corr 2022"]
[Source "ChessBase"]
[SourceDate "2021.10.24"]
[SourceVersion "1"]
[SourceVersionDate "2021.10.24"]
[SourceQuality "1"]

1. Nf3 c5 2. e4 d6 3. d4 cxd4 4. Nxd4 Nf6 5. Nc3 a6 6. Nb3 g6 7. Be3 Bg7 8. Be2 Nbd7 9. Qd2 b5 10. f3 Bb7 11. a4 b4 12. Na2 d5 13. Qxb4 Qc7 14. 0-0-0 Rc8 15. Nc3 dxe4 16. Qa5 Qb8 17. Bxa6 exf3 18. gxf3 0-0 19. Bxb7 Qxb7 20. Rhf1 Rb8 21. Qa7 Qc8 22. Bf2 e6 23. Kb1 Ra8 24. Qd4 Re8 25. Qh4 Bf8 26. Rfe1 Be7 27. Qd4 Qb7 28. Bh4 Rec8 29. a5 e5 30. Qd3 Nc5 31. Qb5 Qxb5 32. Nxb5 Nxb3 33. cxb3 Rxa5 34. Rxe5 Kf8 35. b4 Ra6 36. Rd4 h6 37. Nc3 g5 38. Bg3 Rd6 39. Rc5 Rxc5 40. Rxd6 Rf5 41. Rd4 Nh5 42. Bb8 Ng7 43. b5 Ne6 44. Rc4 Bc5 45. Na4 Be3 46. Rb4 Rxf3 47. b6 Nd8 48. b7 Nxb7 49. Rxb7 g4 50. Nb6 h5 51. Nd5 Bg5 52. Rb4 Kg7 53. Kc2 Rf2+ 54. Kd3 Kh6 55. Rb6+ Kh7 56. b4 h4 57. b5 g3 58. hxg3 h3 59. Ra6 Rd2+ 60. Ke4 h2 61. Ra1 Kg6 62. b6 Re2+ 63. Kf3 Rb2 64. Be5 1-0

[Event "FICGS W-ch KO final email"]
[Site "FICGS email"]
[Date "2018.03.07"]
[Round "6"]
[White "Bleker, Frits"]
[Black "Dolgov, Igor"]
[Result "1/2-1/2"]
[WhiteElo "2386"]
[BlackElo "2481"]
[PlyCount "71"]
[EventDate "2018.??.??"]
[EventType "match (corr)"]
[EventRounds "3"]
[SourceTitle "Corr 2022"]
[Source "ChessBase"]
[SourceDate "2021.10.24"]
[SourceVersion "1"]
[SourceVersionDate "2021.10.24"]
[SourceQuality "1"]

1. d4 d5 2. c4 c6 3. Nf3 Nf6 4. Nc3 dxc4 5. a4 Bf5 6. e3 e6 7. Bxc4 Bb4 8. 0-0 0-0 9. Qe2 Nbd7 10. e4 Bg6 11. Bd3 Bh5 12. e5 Nd5 13. Nxd5 cxd5 14. Qe3 Be7 15. Ng5 Bxg5 16. Qxg5 Qxg5 17. Bxg5 Nb8 18. Bd2 Nc6 19. Bc3 Rfc8 20. a5 Rc7 21. f3 Bg6 22. Be2 Rac8 23. Rfd1 h5 24. Rd2 f6 25. exf6 gxf6 26. Kf2 h4 27. g4 hxg3+ 28. hxg3 a6 29. Rh1 Rh7 30. Rxh7 Bxh7 31. Bd1 Bg6 32. g4 Kf7 33. Kg3 Na7 34. Be2 Rc7 35. Bd1 Rc8 36. Be2 1/2-1/2